[Event "POR-ch University"]
[Site "Guimaraes"]
[Date "2002.05.06"]
[Round "1.6"]
[White "Costa, Albino"]
[Black "Silva, Francisco"]
[Result "1-0"]
[WhiteElo "1591"]
[BlackElo "1872"]
[PlyCount "51"]
[EventDate "2002.05.06"]
[EventType "swiss"]
[EventRounds "11"]
[EventCountry "POR"]
[SourceTitle "CBM 088 Extra"]
[Source "ChessBase"]
[SourceDate "2002.07.01"]
[SourceVersion "2"]
[SourceVersionDate "2002.07.01"]
[SourceQuality "1"]

1. e4 c5 2. Nf3 d6 3. Bc4 Nc6 4. 0-0 g6 5. c3 Bg7 6. d4 cxd4 7. cxd4 Bg4 8. Qb3 Na5 9. Qa4+ Bd7 10. Qb4 Nxc4 11. Qxc4 Qb6 12. Nc3 Rc8 13. Qd3 Bg4 14. Qb5+ Qxb5 15. Nxb5 a6 16. Nc3 Bxf3 17. gxf3 Bxd4 18. Bd2 Nf6 19. Rac1 0-0 20. Rfe1 Nd7 21. Nd5 Bf6 22. Bc3 Rfe8 23. Bxf6 Nxf6 24. Rxc8 Rxc8 25. Nxe7+ Kf8 26. Nxc8 1-0